000 00210nam a22000857a 4500
008 161230b xxu||||| |||| 00| 0 eng d
100 _92242
_aSingh.A
245 _aMathematics Lab-VIII
260 _aNew Delhi
_bESP
_c2010
999 _c5129
_d5129